000 00684nam a22002177a 4500
003 UA-OsUOA
001 92544
007 ta
008 20121219b un ||||| |||| 00| 0 ukr d
100 _aОдінцов О.М.
090 _a330(477)
_bО-42
942 _cSA
040 _aUA-OsUOA
_bukr
_cUA-OsUOA
_dUA-OsUOA
245 _aФормування організаційно-економічного механізму агропромислових кластерних систем
300 _aС.18-24
955 _a0
041 _aukr
080 _a330(477)
773 0 _w92542
_tЕкономіка АПК
_dК.
_d2012
_g12
650 7 _a330 Економіка взагалі
_2UDC
999 _c378783
_d378783